Statistics for US States Higher Than 500 Feet

Click here to take the quiz!

General Stats

  • This quiz has been taken 42 times
  • The average score is 12 of 13

Answer Stats

AnswerLowest Elevation% Correct
Colorado3317
100%
Montana1804
100%
Utah2180
100%
Wyoming3101
100%
Idaho713
98%
Nebraska840
98%
North Dakota751
98%
South Dakota968
98%
Kansas679
95%
Minnesota601
90%
New Mexico2844
90%
Wisconsin579
80%
Michigan571
78%

Score Distribution

Percentile by Number Answered

Percent of People with Each Score

Your Score History

You have not taken this quiz